00950nam a2200289Ia 450000500170000000800410001702000180005802000150007604100080009108200170009910000300011624500660014625000220021230000580023449000300029250000420032250000340036465000220039865000260042065000310044665000210047726400390049833600270053733700330056433800280059704000350062520220317001833.0170410s2013 c a g 000 0 s  a9789584234704 a9584234706 aspa04a330.01bA11c1 aAbadía, Leopoldod1933-10aCómo funciona la economía para dummiescLeopoldo Abadía a1a. reimpresión a303 páginasbilustraciones en blanco y negroc24 cm aPara Dummies : economía aIncluye datos biográficos del autor aIncluye índice alfabético142LEMBaCapitalismo142LEMBaMacroeconomía142LEMBaTeoría económica142LEMBaEconomía aBogotábPlaneta Colombianac2013 atextobtxt2rdacontent asin mediaciónbn2rdamedia avolumenbnc2rdacarrier aCO-BoRNBPbspaerdacCO-BoRNBP